Statistics for The Legend of Zelda: Breath of the Wild Foods (Simple)

Click here to take the quiz!

General Stats

  • This quiz has been taken 42 times
  • The average score is 9 of 59

Answer Stats

IngredientAnswer% Correct
AppleBaked Apple
96%
Palm FruitBaked Palm Fruit
37%
CrabBlackened Crab
33%
Hyrule/Staminoka BassRoasted Bass
30%
PorgyRoasted Porgy
26%
Fortified PumpkinBaked Fortified Pumpkin
22%
BassFrozen Bass
22%
Raw Bird DrumstickFrozen Bird Drumstick
22%
Raw Bird ThighFrozen Bird Thigh
22%
CarpFrozen Carp
22%
CrabFrozen Crab
22%
Hearty BassFrozen Hearty Bass
22%
Sneaky River SnailFrozen River Snail
22%
TroutFrozen Trout
22%
Raw Whole BirdFrozen Whole Bird
22%
Raw Bird ThighRoasted Bird Thigh
22%
Raw Whole BirdRoasted Whole Bird
22%
AcornRoasted Acorn
19%
ArmoranthRoasted Armoranth
19%
Raw Bird DrumstickRoasted Bird Drumstick
19%
Hearty BassRoasted Hearty Bass
19%
Hearty Blueshell SnailBlueshell Escargot
15%
CarpRoasted Carp
15%
Chichaloo Tree NutRoasted Tree Nut
15%
TroutRoasted Trout
15%
Raw Gourmet MeatSeared Gourmet Steak
15%
Raw Prime MeatSeared Prime Steak
15%
Raw MeatSeared Steak
15%
Mighty BananasRoasted Bananas
11%
Endura CarrotRoasted Endura Carrot
11%
Hearty DurianRoasted Hearty Durian
11%
Hearty SalmonRoasted Hearty Salmon
11%
HydromelonRoasted Hydromelon
11%
Hearty RadishRoasted Radish
11%
Swift CarrotRoasted Swift Carrot
11%
VoltfruitRoasted Voltfruit
11%
WildberryRoasted Wildberry
11%
Bird EggCampfire Egg
7%
Spicy PepperCharred Pepper
7%
Raw Gourmet MeatIcy Gourmet Meat
7%
Raw MeatIcy Meat
7%
Raw Prime MeatIcy Prime Meat
7%
Big Hearty RadishRoasted Hearty Radish
7%
Fleet-Lotus SeedsRoasted Lotus Seeds
7%
Mighty ThistleRoasted Thistle
7%
ChillshroomToasty Chillshroom
7%
Endura ShroomToasty Endura Shroom
7%
Hylian ShroomToasty Hylian Shroom
7%
IronshroomToasty Ironshroom
7%
RazorshroomToasty Razorshroom
7%
RushroomToasty Rushroom
7%
Silent ShroomToasty Silent Shroom
7%
Stamella ShroomToasty Stamella Shroom
7%
SunshroomToasty Sunshroom
7%
ZapshroomToasty Zapshroom
7%
Hearty Blueshell SnailIcy Hearty Blueshell Snail
4%
Sneaky River SnailSneaky River Escargot
4%
Big Hearty TruffleToasted Big Hearty Truffle
4%
Hearty TruffleToasted Hearty Truffle
4%

Score Distribution

Percentile by Number Answered

Percent of People with Each Score

Your Score History

You have not taken this quiz